000 00346nam a2200133 i 4500
001 bg
100 1 _aKEZELI, Arpad.
245 0 _aHandbuch der Bodenmechanik.
_nBd. 3,
_pBodenmechanisches Versuchswesen /
_cArpad Kezeli.
260 _aBerlin,
_c1973.
040 _cBPK
041 _apol
942 _cKS
008 s pl f |000 0 pol
999 _c34817
_d34817
856 _uhttp://koha.tu.koszalin.pl/cgi-bin/koha/opac-detail.pl?biblionumber=34817
_yKatalog online BPK